Normal view MARC view
  • McGraw-Hill "Demystified" series.

Entry Uniform Title

Number of records used in: 6

001 - CONTROL NUMBER

  • control field: 3415

003 - CONTROL NUMBER IDENTIFIER

  • control field: NUST

005 - DATE AND TIME OF LATEST TRANSACTION

  • control field: 20170718164118.0

008 - FIXED-LENGTH DATA ELEMENTS

  • fixed length control field: 170718|| aca||aabn | a|a d

040 ## - CATALOGING SOURCE

  • Original cataloging agency: NUST
  • Transcribing agency: NUST

130 ## - HEADING--UNIFORM TITLE

  • Uniform title: McGraw-Hill "Demystified" series.

670 ## - SOURCE DATA FOUND

  • Source citation: Work cat.: (NUST)0: Williams, Linda D. 3413, Nanotechnology demystified /, c2007.
© 2023 Central Library, National University of Sciences and Technology. All Rights Reserved.